000 00766cam a2200253 a 4500
999 _c7045
_d7045
001 7045
003 BD-JhCC
005 20180417181934.0
008 830820s1984 caua b 001 0 eng
020 _a0534028233 (pbk.)
035 _a(BD-JhCC)
040 _aDLC
_cDLC
_dDLC
041 _aeng
050 0 0 _aLB2395
_b.S597 1984
082 0 0 _a378/.17/02812
_219
_bSOT 1984
100 1 _aSotiriou, Peter Elias.
245 1 0 _aIntegrating college study skills :
_breasoning in reading, listening, and writing /
_cPeter Elias Sotiriou.
260 _aBelmont, Calif. :
_bWadsworth Pub. Co.,
_cc1984.
300 _axv, 352 p. :
_bill. ;
_c24 cm.
504 _aIncludes bibliographical references and index.
650 0 _aStudy skills.
942 _2ddc
_cBK